000 00988cam a2200301 4500
001 M1810
008 090401t1995 xxu||||| |||| 00| 0 eng d
035 _a(Sirsi) u34656
041 _aeng
050 _a333.3320285
100 _aJiang, Liang
245 _aComputer assisted teaching/learning of valuation.
260 _aGlamorgan
_bUniversity of Glamorgan
_c1995
300 _aca.100p. : ill. ; 30cm.
350 _a0
520 _aReport funded by the RICS Education Trust. Examines the need for computer assisted teaching/learning of valuation in China.
650 _aCATL
650 _aCHINA
650 _aCOMPUTER ASSISTED LEARNING
650 _aMANAGEMENT-BUSINESS MANAGEMENT-INFORMATION MANAGEMENT
690 _aMANAGEMENT-BUSINESS MANAGEMENT-INFORMATION MANAGEMENT
700 _aPlimmer, Frances
700 _aGronow, Stuart
700 _aHibberd, Peter
710 _aCentre for Research in the Built Environment
_92996
942 _n0
948 _c04/03/1997
999 _c89975
_d89975